000 00651nam a2200241 i 4500
001 C2-0282132
003 PPAK
005 20180728012551.0
008 070930s1953 nyua|||| ||||| | eng d
020 _a059048818X
040 _aPPAK
_beng
_cPPAK
_erda
082 0 4 _a823
_223
090 0 0 _a823
_bWIL
_dLCK
100 1 _aWildere, Laura Ingalls,
_eauthor
245 1 0 _aLittle house on the prairie
264 1 _aNew York :
_bScholastic ,
_c1953
300 _a334 pages :
_billustrations ;
_c20 cm
336 _2rdacontent
_atext
337 _2rdamedia
_aunmediated
338 _2rdacarrier
_avolume
650 1 0 _aEnglish fiction.
942 _ddc
_cB
999 _c88420
_d88420